The golden age of american anthropology

Αποθηκεύτηκε σε:
Λεπτομέρειες βιβλιογραφικής εγγραφής
Άλλοι συγγραφείς: Bunzel, Ruth Leah, 1898-1990 (edtf), Mead, Margaret, 1901-1978 (edtf)
Μορφή: Βιβλίο
Γλώσσα:English
Δημοσίευση: New York : George Braziller, 1960.
Σειρά:Golden age series
Θέματα:
Ετικέτες: Προσθήκη ετικέτας
Δεν υπάρχουν, Καταχωρήστε ετικέτα πρώτοι!

MARC

LEADER 00000cam a2200000 i 4500
001 1/10229
008 000830s1960 eng d
035 |l 10063357 
040 |a GR-MY-UA  |b gre  |e aacr 
041 0 |a eng 
082 0 |a 306.0973 
245 1 4 |a The golden age of american anthropology /   |c selected and edited with introduction and notes by Margaret Mead and Ruth L. Bunzel.  
260 |a New York :   |b George Braziller,   |c 1960.  
300 |a 630 σ. :   |b εικ.  
490 1 |a (Golden age series)  
650 0 0 |a Anthropology  |z United States  |x History. 
650 0 0 |a Ethnology  |z United States. 
700 1 |a Bunzel, Ruth Leah,   |d 1898-1990,  |e edtf 
700 1 |a Mead, Margaret,   |d 1901-1978,  |e edtf 
830 0 |a Golden age series 
852 |a INST  |b LESVOS  |e 20000830  |h 306.0973 GOL  |p 005100023954  |q 005100023954  |t BK  |y 0 
901 |a BIBL1-2000-2 
909 |a Λ  |b 034424 
970 |z 2000/08/ΣΟΦΙΑ